00580nam a22001937a 4500003001100000005001700011008004100028040003900069041000800108082001500116100002400131245003100155260004800186300001900234650002100253942000700274952009000281999001500371LK-CoMWRAF20231014055004.0231014b1984 |||||||| |||| 00| 0 eng d aLK-CoMWRAFdLK-CoMWRAFeLK-CoMWRAF aeng a158.1bWIJ aWijesinha, H. C. B. aStepping stones to success a Colombo :bEducational publications,c1984 a[vi],84p. 22cm aEnglish Language cBK 00104070aMAINbMAINd2023-10-14l0o158.1 WIJpRAF2228r2023-10-14w2023-10-14yBK c3855d3855